Builders need all mod cons (Record no. 73489)

MARC details
000 -LEADER
fixed length control field 01269cam a2200253 4500
001 - CONTROL NUMBER
control field ABS67036
008 - FIXED-LENGTH DATA ELEMENTS--GENERAL INFORMATION
fixed length control field 030930n2003 000 0 eng u
035 ## - SYSTEM CONTROL NUMBER
System control number (Sirsi) u123761
100 ## - MAIN ENTRY--PERSONAL NAME
Personal name Lipton, S.
245 ## - TITLE STATEMENT
Title Builders need all mod cons
260 ## - PUBLICATION, DISTRIBUTION, ETC.
Date of publication, distribution, etc. 2003
490 ## - SERIES STATEMENT
Series statement Estates Gazette
Volume/sequential designation (0337) 13 September 2003, 122-123(2)
520 ## - SUMMARY, ETC.
Summary, etc. Pleads the case that residential builders should adopt the new materials, advanced technology and design that have transformed the construction of commercial buildings. Innovative construction methods used for large-scale buildings, 3-D computer modelling to view building before construction and just-in-time deliveries to worksites should become incorporated into the house building process. Points to positive changes in the housing world, such as the construction role of housing associations, the employment of distinguished architects and examples of cutting edge housing projects.
590 ## - LOCAL NOTE (RLIN)
Local note ABS
650 ## - SUBJECT ADDED ENTRY--TOPICAL TERM
Topical term or geographic name entry element RESIDENTIAL CONSTRUCTION
650 ## - SUBJECT ADDED ENTRY--TOPICAL TERM
Topical term or geographic name entry element COMMERCIAL BUILDINGS
650 ## - SUBJECT ADDED ENTRY--TOPICAL TERM
Topical term or geographic name entry element 3D COMPUTER MODELLING TECHNIQUES
650 ## - SUBJECT ADDED ENTRY--TOPICAL TERM
Topical term or geographic name entry element JUST-IN-TIME
650 ## - SUBJECT ADDED ENTRY--TOPICAL TERM
Topical term or geographic name entry element HOUSING ASSOCIATIONS
650 ## - SUBJECT ADDED ENTRY--TOPICAL TERM
Topical term or geographic name entry element ARCHITECTS
650 ## - SUBJECT ADDED ENTRY--TOPICAL TERM
Topical term or geographic name entry element DESIGN QUALITY
690 ## - LOCAL SUBJECT ADDED ENTRY--TOPICAL TERM (OCLC, RLIN)
Topical term or geographic name as entry element BUILT ENVIRONMENT-CONSTRUCTION DESIGN
942 ## - ADDED ENTRY ELEMENTS (KOHA)
Suppress in OPAC 0
Holdings
Withdrawn status Lost status Source of classification or shelving scheme Damaged status Not for loan Home library Current library Shelving location Date acquired Total Checkouts Full call number Barcode Date last seen Copy number Price effective from Koha item type
    Dewey Decimal Classification     London London Journal article 30/09/2003   ABS67036 123761-1001 06/08/2019 1 06/08/2019 Journal article